Statistiken für Rheinland-Pfalz A-Z

Klicken Sie hier um das Quiz zu spielen!

Allgemein

  • Dieses Quiz wurde 75 mal gespielt
  • Das Durchschnittsergebnis liegt bei 18 aus 26

Antwortstatistiken

#HinweisAntwort% Korrekt
DLandessprache
Deutsch
99%
FNachbarland
Frankreich
99%
MHauptstadt
Mainz
99%
NBenachbartes Bundesland
Nordrhein-Westfalen
97%
LNachbarland
Luxemburg
96%
KStadt am "Deutschen Eck"
Koblenz
93%
TStadt die von den Römern gegründet wurde
Römisch-katholischer Bischofssitz
Trier
93%
OStadt an der Nahe
Idar-{Oberstein}
91%
EMittelgebirge im Nordwesten
Eifel
90%
AStadt im Norden
Bad Neuenahr-{Ahrweiler}
83%
YMinisterpräsidentin
Name enthält ein Y
Malu {Dreyer}
83%
SGrößte erhaltene romanische Kirche der Welt
Dom zu {Speyer}
81%
UDas gesamte obere Mittelrheintal gilt als folgendes
{UNESCO}-Welterbe
80%
BStadt am Zusammenfluss von Nahe und Rhein
{Bingen} am Rhein
76%
ZStadt an der Grenze zum Saarland
Zweibrücken
74%
CReichsburg und Stadt an der Mosel
{Cochem} an der Mosel
67%
HLandschaft zwischen Mosel, Rhein, Nahe und Saar
Hunsrück
64%
IPfalzstadt am Rhein
{Ingelheim} am Rhein
61%
XBenachbarte länderübergreifende Region
Endet mit X
Benelux | Saar-Lor-Lux
51%
JDie Gemeinden dieser Religionsgemeinschaft aus #S, Worms und #M
bildeten einen als SchUM bezeichneten Verbund der überregionale
Bedeutung für die Religionspraxis in (Ost-)Mitteleuropa erlangte
Judentum
47%
VTeil von #E
Vulkaneifel
44%
RUmland von #M
Rheinhessen
40%
GBenachbarte Region in #FGrand Est
24%
WGeschlecht der #P seit 1253
Wittelsbacher
16%
QFlächenmäßig größter Ortsteil von #T
Nördlichster Ortsteil von #T
Quint
13%
PTitel der pfälzischen Herrscher 1085-1353/1777
Pfalzgraf bei Rhein
7%

Verteilung der Resultate

Perzentil nach korrekt beantworteten Fragen

Anzahl Personen mit jedem Resultat

Ihre Resultats-Entwicklung

Sie haben dieses Quiz noch nicht gespielt